Catálogo
 En Linea

La cultura frente a la universidad / (Registro nro. 11815)

Detalles MARC
000 -CABECERA
campo de control de longitud fija 00680cam a2200217 a 4500
001 - NÚMERO DE CONTROL
campo de control 000012150
005 - FECHA Y HORA DE LA ÚLTIMA TRANSACCIÓN
campo de control 20200929162721.0
008 - DATOS DE LONGITUD FIJA--INFORMACIÓN GENERAL
campo de control de longitud fija 820317s1928 ag 000 0 spa
010 ## - NÚMERO DE CONTROL DE LA BIBLIOTECA DEL CONGRESO
Número de control de LC 34010955
035 ## - NÚMERO DE CONTROL DEL SISTEMA
Número de control de sistema (DLC) 34010955
040 ## - FUENTE DE LA CATALOGACIÓN
Centro catalogador/agencia de origen DO-SdBNP
Lengua de catalogación spa
Centro/agencia transcriptor DLC
Centro/agencia modificador BNPHU
050 00 - SIGNATURA TOPOGRÁFICA DE LA BIBLIOTECA DEL CONGRESO
Número de clasificación LA548
Número de documento/Ítem .S3
082 ## - NÚMERO DE LA CLASIFICACIÓN DECIMAL DEWEY
Número de clasificación xxx
Número de documento/Ítem S211c
100 1# - ENTRADA PRINCIPAL--NOMBRE DE PERSONA
Nombre de persona Sánchez Viamonte, Carlos,
Fechas asociadas al nombre 1892-1972.
9 (RLIN) 28716
245 13 - MENCIÓN DE TÍTULO
Título La cultura frente a la universidad /
Mención de responsabilidad, etc. Carlos Sánchez Viamonte.
260 ## - PUBLICACIÓN, DISTRIBUCIÓN, ETC.
Lugar de publicación, distribución, etc. Buenos Aires, (Argentina) :
Nombre del editor, distribuidor, etc. J. Samet,
Fecha de publicación, distribución, etc. [1928].
300 ## - DESCRIPCIÓN FÍSICA
Extensión 155, [4] p. ;
Dimensiones 19 cm.
650 #0 - PUNTO DE ACCESO ADICIONAL DE MATERIA--TÉRMINO DE MATERIA
Término de materia o nombre geográfico como elemento de entrada Universities and colleges
Subdivisión geográfica Argentina.
9 (RLIN) 28717
910 ## - DATOS DE OPCIÓN DEL USUARIO (OCLC)
Datos de opción del usuario Catalogación por copia / LC
910 ## - DATOS DE OPCIÓN DEL USUARIO (OCLC)
Datos de opción del usuario DC
Existencias
Estado de retiro Estado de pérdida Restricciones de uso No para préstamo Código de colección Localización permanente Ubicación/localización actual Ubicación en estantería Fecha de adquisición Número de inventario Total de préstamos Signatura topográfica completa Código de barras Fecha visto por última vez Precio válido a partir de Tipo de ítem Koha
        Monografías: Libros y Folletos General General En catalogación 05.11.2009 LF1   xxx S211c 12150-10 25.06.2020 25.06.2020 Préstamo en sala

Con tecnología Koha